Blueprints in Radiology / (Record no. 35705)

MARC details
000 -LEADER
fixed length control field 00457nam a22001817a 4500
005 - DATE AND TIME OF LATEST TRANSACTION
control field 20240506152602.0
008 - FIXED-LENGTH DATA ELEMENTS--GENERAL INFORMATION
fixed length control field 240506b |||||||| |||| 00| 0 eng d
020 ## - INTERNATIONAL STANDARD BOOK NUMBER
ISBN 0632045884
082 ## - DEWEY DECIMAL CLASSIFICATION NUMBER
Classification number 616.075
Item number DAV-B
100 ## - MAIN ENTRY--AUTHOR
Author Name Davis Ryan W
245 ## - TITLE STATEMENT
Title Blueprints in Radiology /
260 ## - PUBLICATION, DISTRIBUTION, ETC.
Place of Publication indial;
Name of publisher, distributor, etc. jaypee;
Date of publication, distribution, etc. 2003.
300 ## - PHYSICAL DESCRIPTION
Pages 124p.
500 ## - GENERAL NOTE
General note include index .
650 ## - SUBJECT ADDED ENTRY--TOPICAL TERM
Subject / Department Medical / Radiology
700 ## - ADDED ENTRY--PERSONAL NAME
Personal name Davis Ryan W
300 ## - PHYSICAL DESCRIPTION
-- ill;
-- 27cm.
952 ## - LOCATION AND ITEM INFORMATION (KOHA)
-- 0
-- 0
952 ## - LOCATION AND ITEM INFORMATION (KOHA)
-- 0
-- 0
Holdings
Lost status Damaged status Collection code Permanent Location Current Location Shelving Location Date acquired Full Call Number Accession No./Barcode Date last seen Copy number item type Koha item type
    Medical Superior Information Resource Center (SIRC) Superior University- Main Campus Superior Information Resource Center (SIRC) Superior University- Main Campus Radiology 05/06/2024 616.075 DAV-B 2003 551 05/06/2024 1 BOOK BOOK
    Medical Superior Information Resource Center (SIRC) Superior University- Main Campus Superior Information Resource Center (SIRC) Superior University- Main Campus Radiology 05/06/2024 616.075 DAV-B 2003 2826 05/06/2024 2 BOOK BOOK

Powered by Koha